Vládne vyhlásenie v Národnom shromaždení
Guardado en:
| Formato: | Libro |
|---|---|
| Lenguaje: | eslovaco |
| Publicado: |
Bratislava
Tatran
1961
|
| Etiquetas: |
Sin Etiquetas, Sea el primero en etiquetar este registro!
|
MARC
| LEADER | 00000nam a2200000 4500 | ||
|---|---|---|---|
| 001 | 0315282 | ||
| 005 | 20260306095130.3 | ||
| 041 | 0 | |a slo | |
| 044 | |a SK | ||
| 245 | 1 | 0 | |a Vládne vyhlásenie v Národnom shromaždení |c Antonín Zápotocký |
| 264 | 1 | |a Bratislava |b Tatran |c 1961 | |